Word Ladder: Blaze of Glory Quiz Stats

 Plays Quiz Updated Jun 13, 2012

Support Sporcle.
Go Orange.
Score 0/40 Timer 04:00
2 Plays Today
Hint Word % Correct
✭ CHESS PIECE ✭✭ PAWN ✭
90.9%
Mr. JaggerMICK
90.6%
Golfer's pegsTEES
90.2%
Skim, coconut, or soyMILK
88.6%
A fan of Justin Bieber, typicallyTEEN
88.3%
Fido's feetPAWS
87.2%
Beatles or Rolling Stones, e.g.BAND
86.9%
NFL or NBA throwPASS
85.5%
'At The Car ____'WASH
85.4%
'On The ____ Again'ROAD
84.5%
Lion's bellowROAR
83.9%
Highland galLASS
82.1%
✭ STONE ✭✭ ROCK ✭
81.4%
Strike with a whipLASH
80.4%
Poke fun atMOCK
79.7%
✭ EROTICA ✭✭ PORN ✭
79.3%
Act like a kiteSOAR
78.1%
Actor Rip ____TORN
77.1%
'Sierra ____' sodaMIST
76.7%
Genie's boonWISH
76%
Hint Word % Correct
AdditionalMORE
75.9%
Gull relativeTERN
75.4%
Poet's daybreakMORN
74.5%
1st National ____BANK
74.2%
Cut, like grassMOWN
73.5%
Cut, like lumberSAWN
72.6%
Set of antlersRACK
72.3%
Planted seedSOWN
71.1%
Very, in ParisTRES
70.8%
Black eye makerFIST
70.7%
Study intentlyPORE
69%
Fish spawnMILT
68%
File's partnerRANK
66.1%
AdhereBOND
64.5%
✭ WET A LINE ✭✭ FISH ✭
61.8%
Prod into actionGOAD
57.2%
✭ JOURNEY ✭✭ TREK ✭
53.9%
✭ KRUGERRAND OR DOUBLOON ✭✭ GOLD ✭
46.3%
Unconventional, like MimbletonBOLD
41%
✭ COMMON BOND ✭✭ STAR ✭
39.6%

Today's Daily Dose

You're not logged in!

Compare scores with friends on all Sporcle quizzes.
OR
Log In

From the Vault

Sitcoms of Horror!

by Hejman

Don't watch these shows alone if you don't want to scare yourself!
Remove Ads.
Support Sporcle.
Get the best of Sporcle when you Go Orange. This ad-free experience offers more features, more stats, and more fun while also helping to support Sporcle. Thank you for becoming a member.

Show Comments

Extras

Top Quizzes Today


Score Distribution

Your Account Isn't Verified!

In order to create a playlist on Sporcle, you need to verify the email address you used during registration. Go to your Sporcle Settings to finish the process.

Report this User

Report this user for behavior that violates our Community Guidelines.

Details: